Statistics for Bayern Munich - Players to have scored - 2003/04 - 2014/15

Click here to take the quiz!

General Stats

  • This quiz has been taken 557 times
  • The average score is 40 of 61

Answer Stats

PositionNationalityAnswer% Correct
FWPolandRobert Lewandowski
98%
MFNetherlandsArjen Robben
98%
DFGermanyPhilipp Lahm
97%
MFFranceFranck Ribery
96%
DFAustriaDavid Alaba
92%
MFGermanyThomas Muller
92%
DFGermanyJerome Boateng
91%
MFGermanyBastian Schweinsteiger
90%
FWCroatiaMario Mandzukic
89%
FWPeruClaudio Pizarro
89%
FWGermanyMario Gomez
84%
FWGermanyMiroslav Klose
83%
MFSpainJavi Martinez
82%
FWItalyLuca Toni
81%
MFSpainThiago Alcantara
81%
FWCroatiaIvica Olic
80%
MFSwitzerlandXherdan Shaqiri
80%
MFGermanyToni Kroos
80%
DFMoroccoMehdi Benatia
80%
DFBelgiumDaniel Van Buyten
79%
MFGermanyMario Gotze
78%
MFSpainXabi Alonso
76%
FWParaguayRoque Santa Cruz
74%
FWNetherlandsRoy Makaay
74%
DFBrazilDante
74%
MFNetherlandsMark van Bommel
72%
MFUkraineAnatoliy Tymoshchuk
72%
DFFranceWilly Sagnol
71%
MFEnglandOwen Hargreaves
70%
DFArgentinaMartin Demichelis
70%
FWGermanyLukas Podolski
69%
DFBrazilRafinha
69%
MFTurkeyHamit Altintop
68%
DFFranceBixente Lizarazu
67%
DFGermanyHolger Badstuber
67%
MFGermanyMichael Ballack
67%
DFSpainJuan Bernat
67%
FWBrazilGiovane Elber
65%
DFBrazilLucio
64%
MFBosnia and HerzegovinaHasan Salihamidzic
63%
DFGhanaSamuel Kuffour
61%
MFBrazilZe Roberto
58%
MFBrazilLuiz Gustavo
54%
FWPeruPaolo Guerrero
52%
MFGermanyMehmet Scholl
52%
MFIranAli Karimi
49%
MFCroatiaDanijel Pranjic
43%
MFGermanySebastian Rode
41%
MFGermanySebastian Deisler
41%
MFGermanyTorsten Frings
39%
MFArgentinaJose Ernesto Sosa
39%
MFGermanyJens Jeremies
38%
MFJapanTakashi Usami
36%
DFGermanyChristian Lell
35%
MFGermanyAndreas Ottl
34%
FWGermanyNils Petersen
34%
MFGermanyTim Borowski
32%
MFGermanyEmre Can
29%
FWGermanySandro Wagner
29%
MFGermanyMitchell Weiser
28%
MFGermanyPiotr Trochowski
22%

Score Distribution

Percentile by Number Answered

Percent of People with Each Score

Your Score History

You have not taken this quiz